| 000 | 00918nam0a22002531 4500 | ||
|---|---|---|---|
| 001 | rc\5315 | ||
| 005 | 20250620111932.0 | ||
| 010 |
_a5-88086-028-0 _91000 |
||
| 035 | _a(NLR Aleph) 005295303 | ||
| 090 |
_a6232695 _c6232695 |
||
| 100 | _a20021204d1993 |||y0rusy50 ca | ||
| 101 | 0 | _arus | |
| 102 | _aRU | ||
| 105 | _aa ||||||||| | ||
| 200 | 1 |
_aЭлементарные функции _eУчеб. пособие _fПомор. гос. пед. ун-т им. М.В. Ломоносова _gИн-т экол. пробл. Севера Урал. отд-ния РАН |
|
| 210 |
_aАрхангельск _cИзд-во Помор. гос. пед. ун-та _d1993 |
||
| 215 |
_a82 с. _cил. _d20 |
||
| 320 | _aБиблиогр.: с. 80 (12 назв.) | ||
| 700 | 1 |
_aЗеель _bЭ.О. _gЭрнст Оттович |
|
| 801 | 0 |
_aRU _bNLR _gpsbo |
|
| 801 | 1 |
_aRU _bELAR _2rusmarc |
|
| 852 |
_aNLR _j94-4/778 |
||
| 942 | _cBOOK | ||
| 980 | _aNB | ||